[Event "DEM U12 2011"]
[Site "Oberhof GER"]
[Date "2011.06.12"]
[Round "2"]
[White "Schackmann, Oliver"]
[Black "Péczely, Sebastian Zsomber"]
[Result "0-1"]
[Termination "normal"]
[Board "2"]
[WhiteElo "1829"]
[BlackElo "1967"]
[PlyCount "84"]
[WhiteFideId "12905267"]
[BlackFideId "750964"]
[EventCountry "GER"]
[EventRounds "11"]
[EventType "swiss"]
[EventDate "2011.06.11"]

1. e4 e5 2. Nf3 Nc6 3. Bc4 Bc5 4. b4 Bxb4 5. c3 Be7 6. d4 exd4 7. cxd4 Bb4+ 8.
Bd2 Bxd2+ 9. Qxd2 d6 10. O-O Nf6 11. Re1 O-O 12. Nc3 Bg4 13. Re3 h6 14. h3 Bh5
15. Nh4 Nd7 16. Nf5 Bg6 17. Rg3 Kh7 18. Rd1 Bxf5 19. exf5 Nf6 20. Re1 d5 21.
Bb5 Ne7 22. Bd3 c6 23. Rge3 Nc8 24. Re5 Nd6 25. Na4 Nfe4 26. Qd1 Qh4 27. Qf3 b6
28. Nb2 Rae8 29. Rxe8 Rxe8 30. Rc1 c5 31. dxc5 bxc5 32. Bxe4 Nxe4 33. Re1 Qg5
34. Rd1 d4 35. Nc4 Nc3 36. Ra1 Rd8 37. Qd3 Qf4 38. f3 Re8 39. a3 Re2 40. Kh1
Rf2 41. Re1 Qg3 42. Rg1 Ne2 0-1

[Event "DEM U12 2011"]
[Site "Oberhof GER"]
[Date "2011.06.12"]
[Round "2"]
[White "Perske, Thore"]
[Black "Schmekel, Florian"]
[Result "1-0"]
[Termination "normal"]
[Board "3"]
[WhiteElo "1830"]
[BlackElo "1544"]
[PlyCount "73"]
[WhiteFideId "12902195"]
[BlackFideId "12913456"]
[EventCountry "GER"]
[EventRounds "11"]
[EventType "swiss"]
[EventDate "2011.06.11"]

1. e4 c5 2. Nf3 Nc6 3. d4 cxd4 4. Nxd4 g6 5. Nc3 Bg7 6. Be3 Nf6 7. Bc4 O-O 8.
Bb3 Ng4 9. Qxg4 Nxd4 10. Qd1 Nxb3 11. axb3 a6 12. O-O b5 13. Qd3 Bb7 14. Rfd1
d6 15. Ra2 Qc7 16. Nd5 Bxd5 17. exd5 Bf6 18. c3 Rfb8 19. Bd4 Bxd4 20. Qxd4 Ra7
21. Rd3 Qc5 22. b4 Qxd4 23. Rxd4 Kg7 24. f4 f5 25. Rd1 Kf7 26. Re1 h5 27. h4
Rba8 28. Ra5 Ke8 29. Kf2 Kd7 30. Ke3 Kc7 31. Kd4 Kb6 32. Re6 Rg8 33. b3 Rd7 34.
c4 bxc4 35. bxc4 Kb7 36. c5 dxc5+ 37. bxc5 1-0

[Event "DEM U12 2011"]
[Site "Oberhof GER"]
[Date "2011.06.12"]
[Round "2"]
[White "Schröder, Kevin"]
[Black "Sieber, Fiona"]
[Result "1-0"]
[Termination "normal"]
[Board "5"]
[WhiteElo "1954"]
[BlackElo "1689"]
[PlyCount "79"]
[WhiteFideId "12929840"]
[BlackFideId "12902373"]
[EventCountry "GER"]
[EventRounds "11"]
[EventType "swiss"]
[EventDate "2011.06.11"]

1. d4 Nf6 2. Nf3 e6 3. g3 b6 4. Bg2 c6 5. O-O Ba6 6. Nbd2 Be7 7. c4 d5 8. Ne5
Nfd7 9. f4 f6 10. Ng4 O-O 11. f5 exf5 12. Ne3 f4 13. Rxf4 dxc4 14. Qc2 c3 15.
bxc3 Bxe2 16. Be4 f5 17. Nxf5 Bg5 18. Rf2 Bh5 19. Ba3 Rf7 20. h4 Bxd2 21. Qxd2
Nf6 22. Qg5 Kh8 23. Nd6 Rd7 24. Rxf6 gxf6 25. Qxh5 Qg8 26. Kh2 Rc7 27. Rf1 Nd7
28. Nf7+ Kg7 29. Nh6 Qxa2+ 30. Kh1 Qc4 31. Rf4 Nf8 32. Rg4+ Ng6 33. Rxg6+ hxg6
34. Qxg6+ Kh8 35. Qxf6+ Rg7 36. Bf8 Rxf8 37. Qxf8+ Qg8 38. Nxg8 a5 39. Nh6+ Rg8
40. Nf7# 1-0

[Event "DEM U12 2011"]
[Site "Oberhof GER"]
[Date "2011.06.12"]
[Round "2"]
[White "Wächter, Nathalie"]
[Black "Dürr, Florian"]
[Result "0-1"]
[Termination "normal"]
[Board "6"]
[WhiteElo "1707"]
[BlackElo "1819"]
[PlyCount "100"]
[WhiteFideId "12921033"]
[BlackFideId "24659134"]
[EventCountry "GER"]
[EventRounds "11"]
[EventType "swiss"]
[EventDate "2011.06.11"]

1. e4 c6 2. d4 d6 3. Nc3 g6 4. Be3 Bg7 5. Qd2 Nf6 6. Bh6 O-O 7. Bxg7 Kxg7 8. f3
Nbd7 9. O-O-O b5 10. e5 dxe5 11. dxe5 Ng8 12. Nxb5 Qb6 13. e6 fxe6 14. Qd4+
Ndf6 15. Nc3 c5 16. Qe5 Nh6 17. g4 Nf7 18. Qe2 Bd7 19. Qa6 Bc6 20. Bb5 Qxa6 21.
Bxa6 Nxg4 22. Rd2 Ng5 23. Rg2 Nxf3 24. Bb5 Nge5 25. Bxc6 Nxc6 26. Nxf3 Rxf3 27.
Re1 Rd8 28. Rge2 Nd4 29. Rd2 Rdf8 30. Ne4 Rf1 31. Rdd1 Rxe1 32. Rxe1 Nf3 33.
Re2 Rf5 34. Nc3 Nd4 35. Re1 Rf2 36. Rh1 Rxc2+ 37. Kb1 h6 38. h4 Rg2 39. Na4 c4
40. Nc5 Kf6 41. Nd7+ Kf5 42. Nf8 g5 43. hxg5 hxg5 44. a3 Rg4 45. Rf1+ Rf4 46.
Rg1 e5 47. Nd7 Nf3 48. Rg2 e4 49. Nc5 g4 50. Kc2 Ne1+ 0-1

[Event "DEM U12 2011"]
[Site "Oberhof GER"]
[Date "2011.06.12"]
[Round "2"]
[White "Flüchter, Gregor"]
[Black "Pallas, Sebastian"]
[Result "1/2-1/2"]
[Termination "normal"]
[Board "7"]
[WhiteElo "1822"]
[BlackElo "1813"]
[PlyCount "90"]
[WhiteFideId "12903396"]
[BlackFideId "12905453"]
[EventCountry "GER"]
[EventRounds "11"]
[EventType "swiss"]
[EventDate "2011.06.11"]

1. e4 c5 2. Nf3 d6 3. d4 cxd4 4. Nxd4 Nf6 5. Nc3 a6 6. Bc4 e6 7. O-O Be7 8. Bb3
O-O 9. Re1 Qc7 10. Be3 Nc6 11. f3 Na5 12. Qd2 Nc4 13. Bxc4 Qxc4 14. Rad1 b5 15.
Nb3 Bb7 16. Na5 Qc7 17. Nxb7 Qxb7 18. Qf2 Rac8 19. a3 Rc6 20. Rd2 b4 21. axb4
Qxb4 22. Nd1 Nd7 23. c3 Qb7 24. Bd4 Bf6 25. Bxf6 Nxf6 26. Qg3 Qb6+ 27. Qf2
Qxf2+ 28. Nxf2 Rb8 29. Nd3 Kf8 30. Kf2 Ke7 31. Ra1 Rcb6 32. Nb4 Ra8 33. Ra5 Nd7
34. Rd1 Nc5 35. e5 Nb7 36. exd6+ Nxd6 37. Rda1 Nc4 38. Rxa6 Raxa6 39. Rxa6 Rxa6
40. Nxa6 Nxb2 41. Ke3 Kd6 42. Kd4 e5+ 43. Ke4 Nc4 44. Nb4 h5 45. Kd3 Nb2+
1/2-1/2

[Event "DEM U12 2011"]
[Site "Oberhof GER"]
[Date "2011.06.12"]
[Round "2"]
[White "Höglauer, Patrick"]
[Black "Mager, Denis"]
[Result "1/2-1/2"]
[Termination "normal"]
[Board "8"]
[WhiteElo "1764"]
[BlackElo "1741"]
[PlyCount "61"]
[WhiteFideId "1270548"]
[BlackFideId "24691127"]
[EventCountry "GER"]
[EventRounds "11"]
[EventType "swiss"]
[EventDate "2011.06.11"]

1. d4 d5 2. Nf3 c6 3. Bf4 Nf6 4. e3 e6 5. Bd3 Bd6 6. Bxd6 Qxd6 7. Nbd2 Nbd7 8.
c4 O-O 9. O-O e5 10. dxe5 Nxe5 11. Nxe5 Qxe5 12. Qb3 Ne4 13. Nf3 Qd6 14. Bxe4
dxe4 15. Rfd1 Qg6 16. Ne1 Bg4 17. Rd4 b6 18. Qc2 c5 19. Rd5 Rfd8 20. Qd2 Qf6
21. Rb1 Be6 22. Rxd8+ Rxd8 23. Qc2 Qe5 24. Rd1 Rxd1 25. Qxd1 h6 26. Qc2 f5 27.
Qa4 Kh7 28. Qc2 f4 29. Nf3 Qf5 30. Nh4 Qe5 31. Nf3 1/2-1/2

[Event "DEM U12 2011"]
[Site "Oberhof GER"]
[Date "2011.06.12"]
[Round "2"]
[White "Kollars, Dmitrij"]
[Black "Schmidt, Tobias"]
[Result "1-0"]
[Termination "normal"]
[Board "9"]
[WhiteElo "1830"]
[BlackElo "1580"]
[PlyCount "83"]
[WhiteFideId "12909572"]
[BlackFideId "1271683"]
[EventCountry "GER"]
[EventRounds "11"]
[EventType "swiss"]
[EventDate "2011.06.11"]

1. e4 e6 2. d4 d5 3. Nd2 c5 4. Ngf3 cxd4 5. Nxd4 Nf6 6. exd5 Nxd5 7. N2f3 Be7
8. Bd3 O-O 9. O-O Nd7 10. Nb3 b6 11. a4 a6 12. Qe2 N5f6 13. Bf4 Bb7 14. Rfd1
Qc8 15. Ne5 Nc5 16. Nxc5 Bxc5 17. Bg5 Be7 18. Bxf6 Bxf6 19. Nd7 Qc6 20. Nxf6+
gxf6 21. Bxh7+ Kxh7 22. Qh5+ Kg8 23. Qg4+ Kh7 24. Ra3 Qxg2+ 25. Qxg2 Bxg2 26.
Kxg2 Rg8+ 27. Rg3 Rxg3+ 28. hxg3 Rc8 29. c3 Rc4 30. Rd6 b5 31. a5 b4 32. cxb4
Rxb4 33. Rb6 Ra4 34. Rxa6 Ra2 35. b4 Rb2 36. Rb6 Kg6 37. a6 f5 38. a7 Ra2 39.
Rb7 Kf6 40. b5 e5 41. b6 Ke6 42. Rb8 1-0

[Event "DEM U12 2011"]
[Site "Oberhof GER"]
[Date "2011.06.12"]
[Round "2"]
[White "Nothnagel, Marian Can"]
[Black "Kololli, Kevin"]
[Result "1/2-1/2"]
[Termination "normal"]
[Board "10"]
[WhiteElo "1613"]
[BlackElo "1596"]
[PlyCount "42"]
[WhiteFideId "12921530"]
[BlackFideId "12936863"]
[EventCountry "GER"]
[EventRounds "11"]
[EventType "swiss"]
[EventDate "2011.06.11"]

1. e4 c6 2. Nc3 d5 3. Nf3 Bg4 4. h3 Bxf3 5. Qxf3 Nf6 6. exd5 cxd5 7. Bb5+ Nc6
8. d4 e6 9. O-O Be7 10. Be3 O-O 11. Rad1 a6 12. Bxc6 bxc6 13. Rfe1 Rb8 14. Na4
Ne4 15. Bf4 Rb4 16. b3 f6 17. c3 Rb7 18. Qg4 Qd7 19. f3 f5 20. Qh5 Nf6 21. Qh4
Ne4 1/2-1/2

[Event "DEM U12 2011"]
[Site "Oberhof GER"]
[Date "2011.06.12"]
[Round "2"]
[White "Rätzke von Stoyentin, Steffen"]
[Black "Riehle, Marco"]
[Result "0-1"]
[Termination "normal"]
[Board "11"]
[WhiteElo "1728"]
[BlackElo "1747"]
[PlyCount "118"]
[WhiteFideId "12907502"]
[BlackFideId "12904392"]
[EventCountry "GER"]
[EventRounds "11"]
[EventType "swiss"]
[EventDate "2011.06.11"]

1. e4 e5 2. Bc4 Bc5 3. Nf3 Nc6 4. d3 d6 5. h3 Be6 6. Bb3 Qd7 7. c3 Bxb3 8. Qxb3
O-O-O 9. c4 Nd4 10. Nxd4 exd4 11. Nd2 f5 12. O-O f4 13. Nf3 h6 14. Nh4 Ne7 15.
Kh2 g5 16. Nf3 Rdg8 17. g3 g4 18. Nh4 fxg3+ 19. fxg3 gxh3 20. Nf5 h5 21. Qd1
Nxf5 22. Rxf5 Rg4 23. Bg5 Rg8 24. Bh4 Qg7 25. Qf3 d5 26. Rxh5 Bd6 27. Rg1 Qg6
28. Qf5+ Qxf5 29. exf5 dxc4 30. dxc4 d3 31. b3 c5 32. Kxh3 d2 33. f6 Rxg3+ 34.
Bxg3 Rxg3+ 35. Rxg3 d1=Q 36. Rh8+ Kd7 37. Rg7+ Ke6 38. Rhh7 Qh1+ 39. Kg4 Qg2+
40. Kh4 Qh2+ 41. Kg4 Qg3+ 42. Kh5 Qh3+ 43. Kg5 Qf5+ 44. Kh4 Qxf6+ 45. Kh5 Qf5+
46. Kh4 Be5 47. Re7+ Kd6 48. Rxb7 Bf4 49. Rhg7 Bg5+ 50. Kg3 Ke5 51. Rxa7 Qf4+
52. Kg2 Ke4 53. Raf7 Qg4+ 54. Kh1 Qh3+ 55. Kg1 Be3+ 56. Rf2 Qh4 57. a4 Qxf2+
58. Kh1 Qf1+ 59. Kh2 Bf4+ 0-1

[Event "DEM U12 2011"]
[Site "Oberhof GER"]
[Date "2011.06.12"]
[Round "2"]
[White "Greßmann, Moritz"]
[Black "Bergauz, Noam"]
[Result "1/2-1/2"]
[Termination "normal"]
[Board "12"]
[WhiteElo "1738"]
[BlackElo "1591"]
[PlyCount "91"]
[WhiteFideId "24695084"]
[BlackFideId "12938033"]
[EventCountry "GER"]
[EventRounds "11"]
[EventType "swiss"]
[EventDate "2011.06.11"]

1. c4 Nf6 2. Nc3 g6 3. g3 Bg7 4. Bg2 O-O 5. Nf3 c5 6. d3 d6 7. O-O Nc6 8. Rb1
a6 9. a3 Rb8 10. Bd2 Bd7 11. b4 cxb4 12. axb4 b5 13. Na2 Be6 14. Ng5 Ne5 15.
Nxe6 fxe6 16. Qb3 d5 17. cxb5 axb5 18. Bh3 Qb6 19. Be3 Qc6 20. Rfc1 Qd7 21. Nc3
Nfg4 22. Bf4 Nxf2 23. Kxf2 g5 24. Nxd5 Qa7+ 25. Kg2 g4 26. Nc3 gxh3+ 27. Kxh3
Qd7 28. Ne4 Ng6 29. Be3 Rf5 30. Rc5 Rd5 31. Kg2 h6 32. Rxd5 exd5 33. Nc5 Qd6
34. Rf1 Kh7 35. Bf4 Nxf4+ 36. Rxf4 Rf8 37. Rxf8 Bxf8 38. e4 e6 39. exd5 exd5
40. d4 Kh8 41. Qd3 Qc6 42. Qf5 Bg7 43. Qe6 Qa8 44. Qg4 Qa2+ 45. Kh3 Qf2 46. Ne6
1/2-1/2

[Event "DEM U12 2011"]
[Site "Oberhof GER"]
[Date "2011.06.12"]
[Round "2"]
[White "Krüger, David"]
[Black "Rempe, Moritz"]
[Result "1-0"]
[Termination "normal"]
[Board "13"]
[WhiteElo "1810"]
[BlackElo "1784"]
[PlyCount "93"]
[WhiteFideId "12921858"]
[BlackFideId "12906867"]
[EventCountry "GER"]
[EventRounds "11"]
[EventType "swiss"]
[EventDate "2011.06.11"]

1. d4 d5 2. c4 e6 3. Nc3 Nf6 4. cxd5 exd5 5. Bg5 Be7 6. e3 O-O 7. Bd3 c6 8. Qc2
Nbd7 9. Nge2 h6 10. Bh4 Re8 11. O-O Nf8 12. Rad1 Ng4 13. Bg3 Bd6 14. Nf4 Nf6
15. Rfe1 g5 16. Nfe2 h5 17. f3 h4 18. Bxd6 Qxd6 19. e4 dxe4 20. fxe4 Ng4 21. e5
Qh6 22. Qd2 Qg7 23. Ne4 Nh7 24. Nd6 Rd8 25. Bf5 Bxf5 26. Nxf5 Qf8 27. Nc3 Nh6
28. Nd6 Qe7 29. Nce4 Rab8 30. Nf6+ Kh8 31. Nxh7 Kxh7 32. Ne4 Nf5 33. Qxg5 Qxg5
34. Nxg5+ Kg6 35. Nf3 Rh8 36. Re4 Rbg8 37. Kf2 Kh5 38. Rf4 Kg6 39. Re1 h3 40.
Rg1 hxg2 41. Rxg2+ Kh6 42. Rxf5 Rxg2+ 43. Kxg2 Rg8+ 44. Kf2 Rg7 45. h4 Kh7 46.
Rh5+ Kg8 47. Rg5 1-0

[Event "DEM U12 2011"]
[Site "Oberhof GER"]
[Date "2011.06.12"]
[Round "2"]
[White "Scholz, Robert"]
[Black "Kreyssig, Bruno"]
[Result "1-0"]
[Termination "normal"]
[Board "14"]
[WhiteElo "1643"]
[BlackElo "1587"]
[PlyCount "79"]
[WhiteFideId "1270301"]
[BlackFideId "4692489"]
[EventCountry "GER"]
[EventRounds "11"]
[EventType "swiss"]
[EventDate "2011.06.11"]

1. e4 c5 2. Nc3 Nc6 3. Bb5 Nd4 4. Bc4 g6 5. d3 e6 6. Be3 Bg7 7. f4 Ne7 8. Nf3
d5 9. exd5 Nxd5 10. Bd2 O-O 11. O-O b6 12. Ne5 Bb7 13. Ng4 Nf5 14. Qe1 Bd4+ 15.
Kh1 Qh4 16. Qxh4 Nxh4 17. Bxd5 exd5 18. Ne5 Rfe8 19. Nf3 Nxf3 20. gxf3 Bxc3 21.
bxc3 Re2 22. Rad1 d4 23. c4 f5 24. Kg1 Kg7 25. Rf2 Rae8 26. Kf1 Rxf2+ 27. Kxf2
Kh6 28. Rb1 Kh5 29. Rg1 Kh4 30. Rg3 Bc6 31. c3 Ba4 32. cxd4 Bd1 33. Be3 cxd4
34. Kg2 Bxf3+ 35. Rxf3 Rxe3 36. Rxe3 dxe3 37. d4 g5 38. d5 e2 39. Kf2 gxf4 40.
d6 1-0

[Event "DEM U12 2011"]
[Site "Oberhof GER"]
[Date "2011.06.12"]
[Round "2"]
[White "Balazs, Balint"]
[Black "Reimers, Juri"]
[Result "1-0"]
[Termination "normal"]
[Board "15"]
[WhiteElo "1587"]
[BlackElo "1675"]
[PlyCount "36"]
[WhiteFideId "12922757"]
[BlackFideId "24661511"]
[EventCountry "GER"]
[EventRounds "11"]
[EventType "swiss"]
[EventDate "2011.06.11"]

1. e4 c6 2. d4 d5 3. e5 Qb6 4. Ne2 h6 5. Ng3 e6 6. c3 c5 7. Na3 cxd4 8. cxd4
Bb4+ 9. Bd2 Bxa3 10. bxa3 Qxd4 11. Bb5+ Nc6 12. O-O Nge7 13. Re1 O-O 14. Nh5
Ng6 15. Bxc6 bxc6 16. Nxg7 Nxe5 17. Nh5 Ng6 18. Qc2 Bd7 1-0

[Event "DEM U12 2011"]
[Site "Oberhof GER"]
[Date "2011.06.12"]
[Round "2"]
[White "Paulsen, Alexej"]
[Black "Peter, Anton"]
[Result "0-1"]
[Termination "normal"]
[Board "16"]
[WhiteElo "1559"]
[BlackElo "1757"]
[PlyCount "64"]
[WhiteFideId "24662372"]
[BlackFideId "12901660"]
[EventCountry "GER"]
[EventRounds "11"]
[EventType "swiss"]
[EventDate "2011.06.11"]

1. e4 c5 2. Nf3 a6 3. d4 cxd4 4. Nxd4 Nf6 5. Nc3 e6 6. a3 Qc7 7. Be3 Be7 8. Be2
d6 9. O-O Nbd7 10. Nb3 O-O 11. f3 b6 12. Qe1 Bb7 13. Bd3 Rfe8 14. f4 Rac8 15.
h3 h5 16. Qg3 Nc5 17. Nxc5 dxc5 18. e5 Nd5 19. Nxd5 exd5 20. f5 Bf6 21. Bg5
Qxe5 22. Bf4 Qxb2 23. Bg5 Qe5 24. Bf4 Qd4+ 25. Kh1 Be5 26. Rad1 Bxf4 27. Rxf4
Qf6 28. Rh4 c4 29. Rxh5 cxd3 30. Rxd3 d4 31. Qg4 Re3 32. Rxd4 Rxc2 0-1

[Event "DEM U12 2011"]
[Site "Oberhof GER"]
[Date "2011.06.12"]
[Round "2"]
[White "Scheinhütte, Jakob"]
[Black "Böhning, Kilian"]
[Result "0-1"]
[Termination "normal"]
[Board "18"]
[WhiteElo "1587"]
[BlackElo "1708"]
[PlyCount "72"]
[WhiteFideId "24693944"]
[BlackFideId "1270499"]
[EventCountry "GER"]
[EventRounds "11"]
[EventType "swiss"]
[EventDate "2011.06.11"]

1. e4 d5 2. exd5 Qxd5 3. Nc3 Qa5 4. Nf3 Nf6 5. d4 Bg4 6. h3 Bxf3 7. Qxf3 c6 8.
Bf4 Nbd7 9. Be2 Qb4 10. O-O-O e6 11. g4 Nd5 12. Nxd5 cxd5 13. g5 Rc8 14. Kb1
Nb6 15. Rd3 Nc4 16. Rb3 Nd2+ 17. Bxd2 Qxd2 18. Bb5+ Ke7 19. Bd3 b6 20. h4 h6
21. Rd1 Qa5 22. Ra3 Qb4 23. Rxa7+ Kd8 24. Qxf7 Qd6 25. Bb5 Be7 26. Rd7+ Qxd7
27. Bxd7 Kxd7 28. Re1 Rc6 29. Qxg7 Rf8 30. Qxh6 Rxf2 31. c3 e5 32. Qg7 e4 33.
h5 Rg2 34. g6 Rg5 35. Qf7 Rf6 36. Qxd5+ Rxd5 0-1

[Event "DEM U12 2011"]
[Site "Oberhof GER"]
[Date "2011.06.12"]
[Round "2"]
[White "Klodt, Daniel"]
[Black "Kitze, Alexander"]
[Result "0-1"]
[Termination "normal"]
[Board "19"]
[WhiteElo "1390"]
[BlackElo "1717"]
[PlyCount "80"]
[WhiteFideId "12938068"]
[BlackFideId "12914827"]
[EventCountry "GER"]
[EventRounds "11"]
[EventType "swiss"]
[EventDate "2011.06.11"]

1. e4 c5 2. Nf3 d6 3. d4 cxd4 4. Nxd4 Nf6 5. Nc3 g6 6. Be3 Bg7 7. Bc4 O-O 8.
Qd2 Ng4 9. h3 Nxe3 10. Qxe3 Nc6 11. Nxc6 bxc6 12. O-O Bd7 13. Rfd1 Qc7 14. Rab1
e6 15. Qg3 Be5 16. Qe3 d5 17. exd5 cxd5 18. Bb3 d4 19. Qd2 dxc3 20. Qxd7 Qxd7
21. Rxd7 cxb2 22. Kf1 Rfd8 23. Rxd8+ Rxd8 24. Ke2 Kf8 25. Bc4 Bc3 26. Bd3 Rd5
27. Kf3 Re5 28. g3 Ke7 29. Rd1 f5 30. h4 Ra5 31. Bc4 Ra4 32. Bb3 Re4 33. a3 Re1
34. Rxe1 Bxe1 35. Ba2 Kd6 36. Ke2 Ba5 37. Kd3 Bb6 38. c3 Bxf2 39. Kc2 Bxg3 40.
Kxb2 Bxh4 0-1

[Event "DEM U12 2011"]
[Site "Oberhof GER"]
[Date "2011.06.12"]
[Round "2"]
[White "Graf, Clara Victoria"]
[Black "Sherif, Amina"]
[Result "1-0"]
[Termination "normal"]
[Board "20"]
[WhiteElo "1710"]
[BlackElo "1345"]
[PlyCount "126"]
[WhiteFideId "1270339"]
[BlackFideId "12911690"]
[EventCountry "GER"]
[EventRounds "11"]
[EventType "swiss"]
[EventDate "2011.06.11"]

1. e4 e5 2. Nf3 Nf6 3. Nxe5 d6 4. Nf3 Nxe4 5. Nc3 Nxc3 6. dxc3 Nc6 7. Be3 Be7
8. Qd2 O-O 9. O-O-O Be6 10. h4 Ne5 11. Ng5 Bf5 12. h5 Ng4 13. Bf4 h6 14. Nf3 a6
15. Nd4 Bh7 16. Re1 Bf6 17. Bd3 Bxd3 18. cxd3 Bxd4 19. cxd4 Qf6 20. f3 Nf2 21.
Qxf2 Qxf4+ 22. Qe3 Qxe3+ 23. Rxe3 Rfe8 24. Rhe1 Kf8 25. Kd2 Rxe3 26. Rxe3 Re8
27. Re4 Re7 28. Ke3 Re6 29. d5 Rf6 30. g4 g6 31. hxg6 fxg6 32. Rc4 Rf7 33. Rf4
Rxf4 34. Kxf4 Kf7 35. g5 hxg5+ 36. Kxg5 Kg7 37. f4 Kf7 38. b4 c6 39. dxc6 bxc6
40. f5 gxf5 41. Kxf5 Ke7 42. a4 Kf7 43. Ke4 Ke6 44. Kd4 Kf5 45. Kc4 Ke5 46. d4+
Ke4 47. a5 d5+ 48. Kc5 Kd3 49. Kxc6 Kxd4 50. b5 axb5 51. Kxb5 Kc3 52. a6 d4 53.
a7 d3 54. a8=Q d2 55. Qc6+ Kd3 56. Qc4+ Ke3 57. Qf1 Kd4 58. Kb4 Ke3 59. Kc3
d1=Q 60. Qxd1 Ke4 61. Qd4+ Kf5 62. Qe3 Kf6 63. Qe4 Kg5 1-0

[Event "DEM U12 2011"]
[Site "Oberhof GER"]
[Date "2011.06.12"]
[Round "2"]
[White "Weis, Olga"]
[Black "Bruns, Kai-Christian"]
[Result "0-1"]
[Termination "normal"]
[Board "21"]
[WhiteElo "1541"]
[BlackElo "1645"]
[PlyCount "98"]
[WhiteFideId "1270234"]
[BlackFideId "12938025"]
[EventCountry "GER"]
[EventRounds "11"]
[EventType "swiss"]
[EventDate "2011.06.11"]

1. e4 c5 2. c4 Nc6 3. Nf3 g6 4. Be2 Bg7 5. O-O d6 6. d3 Nf6 7. Nc3 O-O 8. Bd2
a6 9. Qc1 e6 10. Bh6 Nd4 11. Bxg7 Kxg7 12. h3 Bd7 13. Qd2 b5 14. b3 b4 15. Nd1
a5 16. Rc1 Qb6 17. Ne3 a4 18. Qb2 Ra7 19. Nxd4 cxd4 20. Nc2 e5 21. bxa4 Rxa4
22. a3 b3 23. Na1 Rfa8 24. Qxb3 Qxb3 25. Nxb3 Rxa3 26. Ra1 Rxa1 27. Rxa1 Rxa1+
28. Nxa1 Ba4 29. Kf1 Nd7 30. Ke1 Nc5 31. Kd2 f5 32. f3 Kf6 33. h4 f4 34. Ke1 g5
35. hxg5+ Kxg5 36. Kf2 Kh4 37. Bf1 h6 38. Be2 h5 39. Bf1 Na6 40. Be2 Nb4 41.
Bf1 Na2 42. Be2 Nc3 43. Ke1 Kg3 44. Bf1 h4 45. Be2 Nxe2 46. Kf1 Nc1 47. Kg1
Nxd3 48. Kf1 Ne1 49. Kxe1 Kxg2 0-1

[Event "DEM U12 2011"]
[Site "Oberhof GER"]
[Date "2011.06.12"]
[Round "2"]
[White "Baskin, Robert"]
[Black "Halas, Julia"]
[Result "1-0"]
[Termination "normal"]
[Board "23"]
[WhiteElo "1940"]
[BlackElo "1424"]
[PlyCount "91"]
[WhiteFideId "24662402"]
[BlackFideId "12931810"]
[EventCountry "GER"]
[EventRounds "11"]
[EventType "swiss"]
[EventDate "2011.06.11"]

1. e4 e5 2. Nf3 Nf6 3. Nxe5 d6 4. Nf3 Nxe4 5. Nc3 Qe7 6. Nd5 Qd8 7. Qe2 f5 8.
d3 c6 9. Nc3 Be7 10. dxe4 fxe4 11. Qxe4 O-O 12. Bd3 Bf5 13. Qe2 Bxd3 14. Qxd3
Nd7 15. O-O Nf6 16. Be3 Qd7 17. Rad1 Rfd8 18. Nd4 d5 19. Qf5 Qxf5 20. Nxf5 Bb4
21. Ne2 Re8 22. c3 Ba5 23. Ned4 Bb6 24. Rfe1 Rad8 25. Bg5 Rxe1+ 26. Rxe1 Rf8
27. Bxf6 Rxf6 28. Re6 Bxd4 29. Nxd4 Rxe6 30. Nxe6 b6 31. Nd8 c5 32. Nc6 a6 33.
Ne7+ Kf7 34. Nxd5 b5 35. Nc7 b4 36. cxb4 cxb4 37. Nxa6 b3 38. a4 Ke8 39. Nc5
Kd8 40. Nxb3 Kc7 41. Nd4 Kb6 42. b4 h6 43. a5+ Ka6 44. Nf5 g6 45. Nxh6 Kb5 46.
h4 1-0

[Event "DEM U12 2011"]
[Site "Oberhof GER"]
[Date "2011.06.12"]
[Round "2"]
[White "Lagunow, Raphael"]
[Black "Vogel, Roven"]
[Result "1/2-1/2"]
[Termination "normal"]
[Board "24"]
[WhiteElo "1711"]
[BlackElo "1759"]
[PlyCount "65"]
[WhiteFideId "24652644"]
[BlackFideId "12908088"]
[EventCountry "GER"]
[EventRounds "11"]
[EventType "swiss"]
[EventDate "2011.06.11"]

1. e4 c6 2. d4 d5 3. e5 Bf5 4. Nf3 e6 5. Be2 c5 6. Be3 Qb6 7. Qc1 c4 8. O-O Nc6
9. b3 cxb3 10. axb3 Rc8 11. Ne1 Bb4 12. Nf3 Na5 13. Rxa5 Qxa5 14. c4 Ne7 15.
Qb2 O-O 16. Bd2 Bxb1 17. Rxb1 Bxd2 18. Nxd2 Qc7 19. h3 b6 20. cxd5 Nxd5 21. Ba6
Ra8 22. Rc1 Qd7 23. b4 Nc7 24. Bb7 Rab8 25. Bc6 Qe7 26. b5 Nd5 27. Rc4 Rfc8 28.
Ne4 h6 29. Qc1 Rd8 30. Nd6 Rxd6 31. exd6 Qxd6 32. Ra4 Rd8 33. Rxa7 1/2-1/2

[Event "DEM U12 2011"]
[Site "Oberhof GER"]
[Date "2011.06.12"]
[Round "2"]
[White "Gschnitzer, Adrian"]
[Black "Nobis, Anna"]
[Result "1-0"]
[Termination "normal"]
[Board "25"]
[WhiteElo "1590"]
[BlackElo "1572"]
[PlyCount "119"]
[WhiteFideId "1270337"]
[BlackFideId "1270302"]
[EventCountry "GER"]
[EventRounds "11"]
[EventType "swiss"]
[EventDate "2011.06.11"]

1. e4 c5 2. Nf3 Nc6 3. d4 cxd4 4. Nxd4 e5 5. Nb5 d6 6. Bc4 Nf6 7. O-O Be7 8.
Bg5 Nxe4 9. Bxe7 Nxe7 10. f3 d5 11. Bxd5 Nf6 12. c4 Nfxd5 13. cxd5 Qb6+ 14. Rf2
Qxb5 15. Nc3 Qb6 16. Na4 Qd6 17. Re2 O-O 18. Qe1 Qxd5 19. Rxe5 Qd4+ 20. Kh1 Nc6
21. Re4 Qf6 22. b3 b6 23. Rd1 Ba6 24. Nc3 h6 25. Nd5 Qg6 26. Nc7 f5 27. Re6 Qf7
28. Nxa8 Bb7 29. Nxb6 axb6 30. Red6 Re8 31. Qf2 Re7 32. Qxb6 Qe8 33. h3 Re1+
34. Rxe1 Qxe1+ 35. Qg1 Qe7 36. Rd1 g5 37. Qe1 Qf7 38. h4 g4 39. Qg3 h5 40. Rf1
f4 41. Qf2 g3 42. Qe2 Kf8 43. Qb5 Kg8 44. Qg5+ Kh7 45. Re1 Bc8 46. Re4 Qd7 47.
Qxh5+ Kg7 48. Qg4+ Qxg4 49. fxg4 Bxg4 50. Rxf4 Bh5 51. a4 Bd1 52. b4 Bxa4 53.
Rg4+ Kh6 54. Rxg3 Kh5 55. Ra3 Bb5 56. g3 Kh6 57. Kh2 Kh5 58. Rf3 Be2 59. Rf2
Bd3 60. b5 1-0

[Event "DEM U12 2011"]
[Site "Oberhof GER"]
[Date "2011.06.12"]
[Round "2"]
[White "Burg, Niclas"]
[Black "Angrick, Philipp"]
[Result "0-1"]
[Termination "normal"]
[Board "26"]
[WhiteElo "1311"]
[BlackElo "1834"]
[PlyCount "76"]
[WhiteFideId "1271968"]
[BlackFideId "12912298"]
[EventCountry "GER"]
[EventRounds "11"]
[EventType "swiss"]
[EventDate "2011.06.11"]

1. e4 c5 2. Nf3 Nc6 3. d4 cxd4 4. Nxd4 g6 5. Nc3 Bg7 6. Be3 Nf6 7. f3 O-O 8.
Qd2 d5 9. Nxc6 bxc6 10. exd5 cxd5 11. O-O-O Qa5 12. a3 Rb8 13. Nxd5 Qxd2+ 14.
Rxd2 Nxd5 15. Rxd5 Bxb2+ 16. Kd1 Be6 17. Ra5 Bc3 18. Rxa7 Rb1+ 19. Ke2 Bc4+ 20.
Kf2 Be1+ 21. Kg1 Bxf1 22. Kxf1 Bc3+ 23. Ke2 Rxh1 24. Bc5 Rxh2 25. Bxe7 Re8 26.
Kf2 Bd4+ 27. Kg3 Bxa7 28. Kxh2 Rxe7 29. Kg3 Rc7 30. a4 Rxc2 31. a5 Ra2 32. Kh4
Rxa5 33. g4 Bb8 34. f4 h6 35. f5 g5+ 36. Kh5 Ra1 37. Kxh6 Bf4 38. f6 Rh1# 0-1